00525nam a2200157Ia 4500003000500000008004100005020001800046040001900064082000700083100002700090245011300117246005200230260006300282300000800345546001400353STCL181203s9999 xx 000 0 und d a9788176383257 aSTCLbENcSTCL 222 aBalakrishnan Nair, G.  0aവേദാന്ത ദർശനം: ഉപനിഷത് സ്വാധ്യായം: ഭാഗം 1  aVedantadarsanam: Upanishad Swadhyayam: Volume 1 bThe State Institute of LanguagesaThiruvananthapuramc2013 a750 aMalayalam